Southville International School and Colleges
Your cart is empty.
  • Cart
  • Lists
    Public lists Eva Luna New books Lux_list list_1
    Your lists Log in to create your own lists
  • Log in to your account
  • Your cookies
  • Search history
Southville International School and Colleges
  • Advanced search
  • Recent comments
  • Most popular
  • Libraries

Log in to your account

Log in with GOOGLE


If you do not have an external account, but do have a local account, you can still log in:

  1. Home
  2. MARC view: The Gift of leadership :
Normal view MARC view ISBD view

The Gift of leadership : (Record no. 368822)

[ view plain ]
MARC details
000 -LEADER
fixed length control field 00477nam a22001697a 4500
003 - CONTROL NUMBER IDENTIFIER
control field 0
005 - DATE AND TIME OF LATEST TRANSACTION
control field 20260205143403.0
008 - FIXED-LENGTH DATA ELEMENTS--GENERAL INFORMATION
fixed length control field 260205b xxu||||| |||| 00| 0 eng d
050 ## - LIBRARY OF CONGRESS CALL NUMBER
Classification number TR 658.4092
Item number M465 2017
082 ## - DEWEY DECIMAL CLASSIFICATION NUMBER
Classification number TR 658.4092
Item number M465 2017
100 ## - MAIN ENTRY--PERSONAL NAME
Personal name Maxwell, John C.
245 ## - TITLE STATEMENT
Title The Gift of leadership :
Remainder of title book 1 /
Statement of responsibility, etc John C. Maxwell.
260 ## - PUBLICATION, DISTRIBUTION, ETC. (IMPRINT)
Place of publication, distribution, etc Makati City :
Name of publisher, distributor, etc Cross Over Books,
Date of publication, distribution, etc 2017.
300 ## - PHYSICAL DESCRIPTION
Extent 102 pages ;
Dimensions 16 cm.
650 ## - SUBJECT ADDED ENTRY--TOPICAL TERM
Topical term or geographic name as entry element Leadership.
942 ## - ADDED ENTRY ELEMENTS (KOHA)
Source of classification or shelving scheme Dewey Decimal Classification
Koha item type Books
Holdings
Withdrawn status Lost status Source of classification or shelving scheme Damaged status Home library Current library Shelving location Date acquired Source of acquisition Sub Shelving location Total Checkouts Full call number Barcode Date last seen Price effective from Koha item type
    Dewey Decimal Classification   Munich Library Munich Library Teachers Reference Section 02/05/2026 Library Fund     TR 658.4092 M465 2017 M9259 02/05/2026 02/05/2026 Books

The Gift of leadership :

APA

Maxwell J. C., . (2017). The Gift of leadership. Makati City: Cross Over Books.

Chicago

Maxwell John C, . 2017. The Gift of leadership. Makati City: Cross Over Books.

Harvard

Maxwell J. C., . (2017). The Gift of leadership. Makati City: Cross Over Books.

MLA

Maxwell John C, . The Gift of leadership. Makati City: Cross Over Books. 2017.

  • Place hold
  • Print
  • Cite
  • Add to your cart (remove)
  • Save record
    BIBTEX Dublin Core MARCXML MARC (non-Unicode/MARC-8) MARC (Unicode/UTF-8) MARC (Unicode/UTF-8, Standard) MODS (XML) RIS
  • More searches
    Search for this title in:
    Other Libraries (WorldCat) Other Databases (Google Scholar) Online Stores (Bookfinder.com) Open Library (openlibrary.org)

Exporting to Dublin Core...

SOUTHVILLE LIBRARY

Southville International School and Colleges Library

1281 Tropical Ave. Cor. Luxembourg St., BF Homes International, Las Pinas City

Tel. No. 8256374 / 252358 Loc. 117/146

Powered by Koha